Statistics for Battlefield: Bad Company Trivia

Click here to take the quiz!

General Stats

  • This quiz has been taken 15 times
  • The average score is 5 of 14

Answer Stats

HintAnswer% Correct
Squad's PyromaniacGeorge Haggard
91%
Playable CharacterPreston Marlowe
82%
Squad's Tech GuyTerrence Sweetwater
82%
Squad LeaderSamuel Redford
64%
Squad's Guide, never seenMike-One-Juliet
45%
Weapon of Mass DestructionScalar Weapon
36%
Antagonist, BF: BC 2Arkady Kirilenko
27%
Operation ______Aurora
27%
Antagonist, BF: BCLegionnaire
27%
Motto of the above's MercenariesActa Non Verba
9%
Squad's Deuteragonist, switches sidesAgent Aguire
9%
Squad's Helicopter PilotFlynn
9%
'Compound' required for the aboveSierra-Foxtrot 1079
9%
Playable Character during the aboveThomas Wyatt
9%

Score Distribution

Percentile by Number Answered

Percent of People with Each Score

Your Score History

You have not taken this quiz